Airlines that serve Sydney (SYD) - Statistics

General Stats
  • This quiz has been taken 22 times
  • The average score is 35 of 52
Answer Stats
Airline % Correct
Air China
100%
Air New Zealand
100%
Emirates
100%
Qantas
100%
Air India
94%
Japan Airlines
94%
Qatar Airways
94%
Air Canada
88%
British Airways
88%
Cathay Pacific
88%
China Eastern Airlines
88%
Etihad Airways
88%
Garuda Indonesia
88%
Jetstar
88%
Singapore Airlines
88%
Vietnam Airlines
88%
All Nippon Airways
82%
American Airlines
82%
China Airlines
82%
China Southern Airlines
82%
Delta Air Lines
82%
Korean Air
82%
Malaysia Airlines
82%
United Airlines
82%
Virgin Australia
82%
Fiji Airways
76%
Asiana Airlines
71%
Philippine Airlines
65%
SriLankan Airlines
65%
Turkish Airlines
65%
Aircalin
59%
Air Niugini
59%
Hainan Airlines
59%
Scoot
59%
Tianjin Airlines
59%
AirAsia X
53%
Hawaiian Airlines
53%
Juneyao Air
53%
Sichuan Airlines
53%
XiamenAir
53%
Cebu Pacific
47%
Hong Kong Airlines
47%
QantasLink
47%
VietJet Air
47%
LATAM Chile
41%
Batik Air Malaysia
35%
Beijing Capital Airlines
35%
Thai Airways International
35%
T'way Air
29%
Rex Airlines
24%
FlyPelican
18%
SmartLynx Australia
6%
No matching quizzes found
Score Distribution
Percent of People with Each Score
Percentile by Number Answered
Your Score History
You have not taken this quiz